A to Z: Movie Quotes #3 - Statistics

General Stats
  • This quiz has been taken 97 times
  • The average score is 11 of 26
Answer Stats
Hint Answer % Correct
S I see dead people. The Sixth Sense
87%
K Wax on, wax off. The Karate Kid
80%
E The power of Christ compels you! The Exorcist
77%
I You must be the famous Pepper Potts. Iron Man
74%
A I love the smell of napalm in the morning. Apocalypse Now
72%
R Snakes. Why did it have to be snaked? Raiders of the Lost Ark
70%
G Mrs. Robinson, you're trying to seduce me. Aren't you? The Graduate
69%
N Whatever you do, don't fall asleep! A Nightmare On Elm Street
64%
B I’m the Dude, so that’s what you call me. That or, uh His Dudeness, or uh Duder, or El Duderino. The Big Lebowski
63%
D Oh captain my captain! Dead Poets Society
55%
P English motherfucker, do you speak it!? Pulp Fiction
54%
L No Arab loves the desert. We love water and green trees. Lawrence of Arabia
48%
F Without me, my rifle is useless. Without my rifle, I am useless! Full Metal Jacket
39%
M There is no spoon. The Matrix
39%
V Long live sacred Germany! Valkyrie
32%
Z Rule two: the Double Tap. Zombieland
29%
C I'm sorry. That last hand... nearly killed me. Casino Royale
23%
X Don't you know who I am!? I'm the juggernaut, bitch! X-Men 3
23%
H Good morning Baltimore! Hairspray
22%
U For years, we've been trying to combine the bloodlines. And for years, we've failed. Underworld
22%
T So long, partner. Toy Story 3
16%
O "Does he make you laugh?" "He doesn't make me cry." Oceans Eleven
11%
W Made it, ma! Top o' the world! White Heat
11%
J The right person will still think the sun shines out of your ass. Juno
3%
Q They say you're judged by the strength of your enemies. Quantum of Solace
3%
Y The world's a playground. You know that when you are a kid, but somewhere along the way everyone forgets it. Yes Man
1%
No matching quizzes found
Score Distribution
Percent of People with Each Score
Percentile by Number Answered
Your Score History
You have not taken this quiz